Tutte le monete del mondo - Statistics

Statistiche generali
  • Questo quiz è stato fatto 18 volte
  • Il punteggio medio è 16 su 195
Statistiche sulle risposte
con Immagini Risposta % Corretto
Euro
67%
Dollaro australiano
50%
Euro
50%
Euro
50%
Euro
50%
Yen
50%
Lek
42%
Sterlina
42%
Euro
33%
Euro
33%
Euro
33%
Euro
33%
Euro
33%
Euro
33%
Euro
33%
Euro
33%
Euro
33%
Euro
33%
Euro
33%
Euro
33%
Peso argentino
33%
Afghani
25%
Corona Danese
25%
Dollaro Canadese
25%
Euro
25%
Euro
25%
Euro
25%
Euro
25%
Euro
25%
Euro
25%
Euro
25%
Franco Svizzero
25%
Lira Turca
25%
Rublo
25%
Zloty
25%
Corona Svedese
17%
Dinaro algerino
17%
Dollaro Neozelandese
17%
Dollaro Statunitense
17%
Euro
17%
Peso Colombiano
17%
Peso Messicano
17%
Real
17%
Scellino Keniota
17%
Yuan
17%
Baht
8%
Bolivar
8%
Corona Islandese
8%
Corona Norvegese
8%
Dinaro Macedone
8%
Dinaro serbo
8%
Dinaro Tunisino
8%
Dirham
8%
Dirham Marocchino
8%
Dollaro Giamaicano
8%
Euro
8%
Fiorino
8%
Franco Svizzero
8%
Kwanza
8%
Lari
8%
Leu Moldavo
8%
Leu Rumeno
8%
Manat azero
8%
Peso Cileno
8%
Peso Cubano
8%
Rand
8%
Rial saudita
8%
Rublo bielorusso
8%
Rupia Indiana
8%
Scellino Ugandese
8%
Won Nordcoreano
8%
Won Sudcoreano
8%
Ariary
0%
Balboa
0%
Birr
0%
Boliviano
0%
Cedi
0%
Colon
0%
Cordoba
0%
Corona Ceca
0%
Dalasi
0%
Dinaro del Bahrein
0%
Dinaro Giordano
0%
Dinaro Iracheno
0%
Dinaro Kuwaitiano
0%
Dinaro Libico
0%
Dobra
0%
Dollaro Australiano
0%
Dollaro Australiano
0%
Dollaro dei Caraibi Orientali
0%
Dollaro dei Caraibi Orientali
0%
Dollaro dei Caraibi Orientali
0%
Dollaro dei Caraibi Orientali )
0%
Dollaro dei Caribi Orientali
0%
Dollaro del Belize
0%
Dollaro del Brunei
0%
Dollaro della Guyana
0%
Dollaro delle Bahamas
0%
Dollaro delle Fiji
0%
Dollaro delle Salomone
0%
Dollaro di Barbados
0%
Dollaro di Singapore
0%
Dollaro di Trinidad e Tobago
0%
Dollaro Liberiano
0%
Dollaro Namibiano
0%
Dollaro Statunitense
0%
Dollaro statunitense
0%
Dollaro Statunitense
0%
Dollaro Statunitense
0%
Dollaro Statunitense
0%
Dollaro statunitense
0%
Dollaro statunitense
0%
Dollaro Surinamese
0%
Dollaro Taiwanese
0%
Dollaro Zimbabwese
0%
Dong
0%
Dram
0%
Escudo
0%
Franco Comoriano
0%
Franco Congolese
0%
Franco del Burundi
0%
Franco Gibutiano
0%
Franco Guineano
0%
Franco Ruandese
0%
Franco XAF
0%
Franco XAF
0%
Franco XAF
0%
Franco XAF
0%
Franco XAF
0%
Franco XAF
0%
Franco XOF
0%
Franco XOF
0%
Franco XOF
0%
Franco XOF
0%
Franco XOF
0%
Franco XOF
0%
Franco XOF
0%
Franco XOF
0%
Gourde
0%
Grivna
0%
Guarani
0%
Kina
0%
Kip
0%
Kwacha
0%
Kwacha Zambiano
0%
Kyat
0%
Lempira
0%
Leone
0%
Lev
0%
Lilangeni
0%
Lira Siriana
0%
Loti
0%
Manat Turkmeno
0%
Marco Bosniaco
0%
Metical
0%
Monaco
0%
Nacfa
0%
Naira
0%
Ngultrum
0%
Nuevo Sol
0%
Nuovo Sicli
0%
Ouguiya
0%
Pa anga
0%
Peso Dominicano
0%
Peso Filippino
0%
Peso Uruguaiano
0%
Pula
0%
Quetzal
0%
Rial del Qatar
0%
Rial Iraniano
0%
Rial Omanita
0%
Rial Yemenita
0%
Riel
0%
Ringgit
0%
Rufiyaa
0%
Rupia delle Seychelles
0%
Rupia Indonesiana
0%
Rupia Mauriziana
0%
Rupia Nepalese
0%
Rupia Pakistana
0%
Rupia Singalese
0%
Scellino Somalo
0%
Scellino Tanzaniano
0%
Som kirghiso
0%
Somoni
0%
Som Uzbeko
0%
Sterlina Egiziana
0%
Sterlina Libanese
0%
Sterlina Sudanese
0%
Sterlina Sud Sudanese
0%
Taka
0%
Tala
0%
Tenge
0%
Tugrik
0%
Vatu
0%
Nessun quiz corrispondente trovato
Distribuzione punteggi
Percentuale di utenti per punteggio
Percentile per numero di risposta
I tuoi punteggi nel tempo
Non hai fatto questo quiz